Formula One WDC Top Ten by Season - Statistics

General Stats
  • This quiz has been taken 69 times
    48 since last reset
  • The average score is 564 of 767
Answer Stats
Season R Nation Driver P % Correct
1993 1 France Alain Prost 99
100%
1991 5 France Alain Prost 34
100%
1990 2 France Alain Prost 71
100%
1989 1 France Alain Prost 76
100%
1988 2 France Alain Prost 87
100%
1987 4 France Alain Prost 46
100%
1986 1 France Alain Prost 72
100%
1985 1 France Alain Prost 73
100%
1984 2 France Alain Prost 71.5
100%
1983 2 France Alain Prost 57
100%
1982 4 France Alain Prost 34
100%
1981 5 France Alain Prost 43
100%
1993 2 Brazil Ayrton Senna 73
100%
1992 4 Brazil Ayrton Senna 50
100%
1991 1 Brazil Ayrton Senna 96
100%
1990 1 Brazil Ayrton Senna 78
100%
1989 2 Brazil Ayrton Senna 60
100%
1988 1 Brazil Ayrton Senna 90
100%
1987 3 Brazil Ayrton Senna 57
100%
1986 4 Brazil Ayrton Senna 55
100%
1985 4 Brazil Ayrton Senna 38
100%
1984 9 Brazil Ayrton Senna 13
100%
2025 5 Monaco Charles Leclerc 242
100%
2024 3 Monaco Charles Leclerc 356
100%
2023 5 Monaco Charles Leclerc 206
100%
2022 2 Monaco Charles Leclerc 308
100%
2021 7 Monaco Charles Leclerc 159
100%
2020 8 Monaco Charles Leclerc 98
100%
2019 4 Monaco Charles Leclerc 264
100%
2015 6 Brazil Felipe Massa 121
100%
2014 7 Brazil Felipe Massa 134
100%
2013 8 Brazil Felipe Massa 112
100%
2012 7 Brazil Felipe Massa 122
100%
2011 6 Brazil Felipe Massa 118
100%
2010 6 Brazil Felipe Massa 144
100%
2008 2 Brazil Felipe Massa 97
100%
2007 4 Brazil Felipe Massa 94
100%
2006 3 Brazil Felipe Massa 80
100%
2025 10 Spain Fernando Alonso 56
100%
2024 9 Spain Fernando Alonso 70
100%
2023 4 Spain Fernando Alonso 206
100%
2022 9 Spain Fernando Alonso 81
100%
2021 10 Spain Fernando Alonso 81
100%
2016 10 Spain Fernando Alonso 54
100%
2014 6 Spain Fernando Alonso 161
100%
2013 2 Spain Fernando Alonso 242
100%
2012 2 Spain Fernando Alonso 278
100%
2011 4 Spain Fernando Alonso 257
100%
2010 2 Spain Fernando Alonso 252
100%
2009 9 Spain Fernando Alonso 26
100%
2008 5 Spain Fernando Alonso 61
100%
2007 3 Spain Fernando Alonso 109
100%
2006 1 Spain Fernando Alonso 134
100%
2005 1 Spain Fernando Alonso 133
100%
2004 4 Spain Fernando Alonso 59
100%
2003 6 Spain Fernando Alonso 55
100%
2014 8 Great Britain Jenson Button 126
100%
2013 9 Great Britain Jenson Button 73
100%
2012 5 Great Britain Jenson Button 188
100%
2011 2 Great Britain Jenson Button 270
100%
2010 5 Great Britain Jenson Button 214
100%
2009 1 Great Britain Jenson Button 95
100%
2006 6 Great Britain Jenson Button 56
100%
2005 9 Great Britain Jenson Button 37
100%
2004 3 Great Britain Jenson Button 85
100%
2003 9 Great Britain Jenson Button 17
100%
2002 7 Great Britain Jenson Button 14
100%
2000 8 Great Britain Jenson Button 12
100%
1977 6 West Germany Jochen Mass 25
100%
1976 9 West Germany Jochen Mass 19
100%
1975 8 West Germany Jochen Mass 20
100%
1994 10 Netherlands Jos Verstappen 10
100%
1986 6 Finland Keke Rosberg 22
100%
1985 3 Finland Keke Rosberg 40
100%
1984 8 Finland Keke Rosberg 20.5
100%
1983 5 Finland Keke Rosberg 27
100%
1982 1 Finland Keke Rosberg 44
100%
1980 10 Finland Keke Rosberg 6
100%
2018 3 Finland Kimi Räikkönen 251
100%
2017 4 Finland Kimi Räikkönen 205
100%
2016 6 Finland Kimi Räikkönen 186
100%
2015 4 Finland Kimi Räikkönen 150
100%
2013 5 Finland Kimi Räikkönen 183
100%
2012 3 Finland Kimi Räikkönen 207
100%
2009 6 Finland Kimi Räikkönen 48
100%
2008 3 Finland Kimi Räikkönen 75
100%
2007 1 Finland Kimi Räikkönen 110
100%
2006 5 Finland Kimi Räikkönen 65
100%
2005 2 Finland Kimi Räikkönen 112
100%
2004 7 Finland Kimi Räikkönen 45
100%
2003 2 Finland Kimi Räikkönen 91
100%
2002 6 Finland Kimi Räikkönen 24
100%
2001 10 Finland Kimi Räikkönen 9
100%
2025 1 Great Britain Lando Norris 423
100%
2024 2 Great Britain Lando Norris 374
100%
2023 6 Great Britain Lando Norris 205
100%
2022 7 Great Britain Lando Norris 122
100%
2021 6 Great Britain Lando Norris 160
100%
2020 9 Great Britain Lando Norris 97
100%
2025 6 Great Britain Lewis Hamilton 156
100%
2024 7 Great Britain Lewis Hamilton 223
100%
2023 3 Great Britain Lewis Hamilton 234
100%
2022 6 Great Britain Lewis Hamilton 240
100%
2021 2 Great Britain Lewis Hamilton 387.5
100%
2020 1 Great Britain Lewis Hamilton 347
100%
2019 1 Great Britain Lewis Hamilton 413
100%
2018 1 Great Britain Lewis Hamilton 408
100%
2017 1 Great Britain Lewis Hamilton 363
100%
2016 2 Great Britain Lewis Hamilton 380
100%
2015 1 Great Britain Lewis Hamilton 381
100%
2014 1 Great Britain Lewis Hamilton 384
100%
2013 4 Great Britain Lewis Hamilton 189
100%
2012 4 Great Britain Lewis Hamilton 190
100%
2011 5 Great Britain Lewis Hamilton 227
100%
2010 4 Great Britain Lewis Hamilton 240
100%
2009 5 Great Britain Lewis Hamilton 49
100%
2008 1 Great Britain Lewis Hamilton 98
100%
2007 2 Great Britain Lewis Hamilton 109
100%
2013 3 Australia Mark Webber 199
100%
2012 6 Australia Mark Webber 179
100%
2011 3 Australia Mark Webber 258
100%
2010 3 Australia Mark Webber 242
100%
2009 4 Australia Mark Webber 69.5
100%
2005 10 Australia Mark Webber 36
100%
2003 10 Australia Mark Webber 17
100%
2025 2 Netherlands Max Verstappen 421
100%
2024 1 Netherlands Max Verstappen 437
100%
2023 1 Netherlands Max Verstappen 575
100%
2022 1 Netherlands Max Verstappen 454
100%
2021 1 Netherlands Max Verstappen 395.5
100%
2020 3 Netherlands Max Verstappen 214
100%
2019 3 Netherlands Max Verstappen 278
100%
2018 4 Netherlands Max Verstappen 249
100%
2017 6 Netherlands Max Verstappen 168
100%
2016 5 Netherlands Max Verstappen 204
100%
2011 8 Germany Michael Schumacher 76
100%
2010 9 Germany Michael Schumacher 72
100%
2006 2 Germany Michael Schumacher 121
100%
2005 3 Germany Michael Schumacher 62
100%
2004 1 Germany Michael Schumacher 148
100%
2003 1 Germany Michael Schumacher 93
100%
2002 1 Germany Michael Schumacher 144
100%
2001 1 Germany Michael Schumacher 123
100%
2000 1 Germany Michael Schumacher 108
100%
1999 5 Germany Michael Schumacher 44
100%
1998 2 Germany Michael Schumacher 86
100%
1996 3 Germany Michael Schumacher 59
100%
1995 1 Germany Michael Schumacher 102
100%
1994 1 Germany Michael Schumacher 92
100%
1993 4 Germany Michael Schumacher 52
100%
1992 3 Germany Michael Schumacher 53
100%
2001 5 Finland Mika Häkkinen 37
100%
2000 2 Finland Mika Häkkinen 89
100%
1999 1 Finland Mika Häkkinen 76
100%
1998 1 Finland Mika Häkkinen 100
100%
1997 6 Finland Mika Häkkinen 27
100%
1996 5 Finland Mika Häkkinen 31
100%
1995 7 Finland Mika Häkkinen 17
100%
1994 4 Finland Mika Häkkinen 26
100%
1992 8 Finland Mika Häkkinen 11
100%
2016 1 Germany Nico Rosberg 385
100%
2015 2 Germany Nico Rosberg 322
100%
2014 2 Germany Nico Rosberg 317
100%
2013 6 Germany Nico Rosberg 171
100%
2012 9 Germany Nico Rosberg 93
100%
2011 7 Germany Nico Rosberg 89
100%
2010 7 Germany Nico Rosberg 142
100%
2009 7 Germany Nico Rosberg 34.5
100%
2007 9 Germany Nico Rosberg 20
100%
2025 3 Australia Oscar Piastri 410
100%
2024 4 Australia Oscar Piastri 292
100%
2023 9 Australia Oscar Piastri 97
100%
2006 10 Germany Ralf Schumacher 20
100%
2005 6 Germany Ralf Schumacher 45
100%
2004 9 Germany Ralf Schumacher 24
100%
2003 5 Germany Ralf Schumacher 58
100%
2002 4 Germany Ralf Schumacher 42
100%
2001 4 Germany Ralf Schumacher 49
100%
2000 5 Germany Ralf Schumacher 24
100%
1999 6 Germany Ralf Schumacher 35
100%
1998 10 Germany Ralf Schumacher 14
100%
2019 5 Germany Sebastian Vettel 240
100%
2018 2 Germany Sebastian Vettel 320
100%
2017 2 Germany Sebastian Vettel 317
100%
2016 4 Germany Sebastian Vettel 212
100%
2015 3 Germany Sebastian Vettel 278
100%
2014 5 Germany Sebastian Vettel 167
100%
2013 1 Germany Sebastian Vettel 397
100%
2012 1 Germany Sebastian Vettel 281
100%
2011 1 Germany Sebastian Vettel 392
100%
2010 1 Germany Sebastian Vettel 256
100%
2009 2 Germany Sebastian Vettel 84
100%
2008 8 Germany Sebastian Vettel 35
100%
2024 8 Mexico Sergio Pérez 152
100%
2023 2 Mexico Sergio Pérez 285
100%
2022 3 Mexico Sergio Pérez 305
100%
2021 4 Mexico Sergio Pérez 190
100%
2020 4 Mexico Sergio Pérez 125
100%
2019 10 Mexico Sergio Pérez 52
100%
2018 8 Mexico Sergio Pérez 62
100%
2017 7 Mexico Sergio Pérez 100
100%
2016 7 Mexico Sergio Pérez 101
100%
2015 9 Mexico Sergio Pérez 78
100%
2014 10 Mexico Sergio Pérez 59
100%
2012 10 Mexico Sergio Pérez 66
100%
2022 10 Finland Valtteri Bottas 49
100%
2021 3 Finland Valtteri Bottas 226
100%
2020 2 Finland Valtteri Bottas 223
100%
2019 2 Finland Valtteri Bottas 326
100%
2018 5 Finland Valtteri Bottas 247
100%
2017 3 Finland Valtteri Bottas 305
100%
2016 8 Finland Valtteri Bottas 85
100%
2015 5 Finland Valtteri Bottas 136
100%
2014 4 Finland Valtteri Bottas 186
100%
2025 8 Thailand Alex Albon 73
96%
2020 7 Thailand Alex Albon 105
96%
2019 8 Thailand Alex Albon 92
96%
2021 8 Australia Daniel Ricciardo 115
96%
2020 5 Australia Daniel Ricciardo 119
96%
2019 9 Australia Daniel Ricciardo 54
96%
2018 6 Australia Daniel Ricciardo 170
96%
2017 5 Australia Daniel Ricciardo 200
96%
2016 3 Australia Daniel Ricciardo 256
96%
2015 8 Australia Daniel Ricciardo 92
96%
2014 3 Australia Daniel Ricciardo 238
96%
2025 4 Great Britain George Russell 319
96%
2024 6 Great Britain George Russell 245
96%
2023 8 Great Britain George Russell 175
96%
2022 4 Great Britain George Russell 275
96%
2018 7 Germany Nico Hülkenberg 69
96%
2017 10 Germany Nico Hülkenberg 43
96%
2016 9 Germany Nico Hülkenberg 72
96%
2015 10 Germany Nico Hülkenberg 58
96%
2014 9 Germany Nico Hülkenberg 96
96%
2013 10 Germany Nico Hülkenberg 51
96%
1994 9 Great Britain Nigel Mansell 13
96%
1992 1 Great Britain Nigel Mansell 108
96%
1991 2 Great Britain Nigel Mansell 72
96%
1990 5 Great Britain Nigel Mansell 37
96%
1989 4 Great Britain Nigel Mansell 38
96%
1988 9 Great Britain Nigel Mansell 12
96%
1987 2 Great Britain Nigel Mansell 61
96%
1986 2 Great Britain Nigel Mansell 70
96%
1985 6 Great Britain Nigel Mansell 31
96%
1984 9 Great Britain Nigel Mansell 13
96%
2010 8 Poland Robert Kubica 136
96%
2008 4 Poland Robert Kubica 75
96%
2007 6 Poland Robert Kubica 39
96%
2010 10 Brazil Rubens Barrichello 47
96%
2009 3 Brazil Rubens Barrichello 77
96%
2006 7 Brazil Rubens Barrichello 30
96%
2005 8 Brazil Rubens Barrichello 38
96%
2004 2 Brazil Rubens Barrichello 114
96%
2003 4 Brazil Rubens Barrichello 65
96%
2002 2 Brazil Rubens Barrichello 77
96%
2001 3 Brazil Rubens Barrichello 56
96%
2000 4 Brazil Rubens Barrichello 62
96%
1999 7 Brazil Rubens Barrichello 21
96%
1996 8 Brazil Rubens Barrichello 14
96%
1994 6 Brazil Rubens Barrichello 19
96%
2025 7 Italy Andrea Kimi Antonelli 150
91%
2025 9 Spain Carlos Sainz 64
91%
2024 5 Spain Carlos Sainz 290
91%
2023 7 Spain Carlos Sainz 200
91%
2022 5 Spain Carlos Sainz 246
91%
2021 5 Spain Carlos Sainz 164.5
91%
2020 6 Spain Carlos Sainz 105
91%
2019 6 Spain Carlos Sainz 96
91%
2018 10 Spain Carlos Sainz 53
91%
2017 9 Spain Carlos Sainz 54
91%
2015 7 Russia Daniil Kvyat 95
91%
2022 8 France Esteban Ocon 92
91%
2017 8 France Esteban Ocon 87
91%
1973 1 Great Britain Jackie Stewart 71
91%
1972 2 Great Britain Jackie Stewart 45
91%
1971 1 Great Britain Jackie Stewart 62
91%
1970 5 Great Britain Jackie Stewart 25
91%
1969 1 Great Britain Jackie Stewart 63
91%
1968 2 Great Britain Jackie Stewart 36
91%
1967 9 Great Britain Jackie Stewart 10
91%
1966 7 Great Britain Jackie Stewart 14
91%
1965 3 Great Britain Jackie Stewart 33
91%
1957 1 Argentina Juan Manuel Fangio 40
91%
1956 1 Argentina Juan Manuel Fangio 30
91%
1955 1 Argentina Juan Manuel Fangio 40
91%
1954 1 Argentina Juan Manuel Fangio 42
91%
1953 2 Argentina Juan Manuel Fangio 28
91%
1951 1 Argentina Juan Manuel Fangio 31
91%
1950 2 Argentina Juan Manuel Fangio 27
91%
2018 9 Denmark Kevin Magnussen 56
91%
2023 10 Canada Lance Stroll 74
91%
1991 6 Brazil Nelson Piquet 26.5
91%
1990 3 Brazil Nelson Piquet 43
91%
1989 8 Brazil Nelson Piquet 12
91%
1988 6 Brazil Nelson Piquet 22
91%
1987 1 Brazil Nelson Piquet 73
91%
1986 3 Brazil Nelson Piquet 69
91%
1985 8 Brazil Nelson Piquet 21
91%
1984 5 Brazil Nelson Piquet 29
91%
1983 1 Brazil Nelson Piquet 59
91%
1981 1 Brazil Nelson Piquet 50
91%
1980 2 Brazil Nelson Piquet 54
91%
2024 10 France Pierre Gasly 42
91%
2021 9 France Pierre Gasly 110
91%
2020 10 France Pierre Gasly 75
91%
2019 7 France Pierre Gasly 95
91%
1981 3 Australia Alan Jones 46
87%
1980 1 Australia Alan Jones 67
87%
1979 3 Australia Alan Jones 40
87%
1977 7 Australia Alan Jones 22
87%
1998 6 Great Britain Damon Hill 20
87%
1996 1 Great Britain Damon Hill 97
87%
1995 2 Great Britain Damon Hill 69
87%
1994 2 Great Britain Damon Hill 91
87%
1993 3 Great Britain Damon Hill 69
87%
1978 9 Brazil Emerson Fittipaldi 17
87%
1975 2 Brazil Emerson Fittipaldi 45
87%
1974 1 Brazil Emerson Fittipaldi 55
87%
1973 2 Brazil Emerson Fittipaldi 55
87%
1972 1 Brazil Emerson Fittipaldi 61
87%
1971 6 Brazil Emerson Fittipaldi 16
87%
1970 10 Brazil Emerson Fittipaldi 12
87%
1981 7 Canada Gilles Villeneuve 25
87%
1979 2 Canada Gilles Villeneuve 47
87%
1978 9 Canada Gilles Villeneuve 17
87%
1969 7 Great Britain Graham Hill 19
87%
1968 1 Great Britain Graham Hill 48
87%
1967 7 Great Britain Graham Hill 15
87%
1966 5 Great Britain Graham Hill 17
87%
1965 2 Great Britain Graham Hill 40
87%
1964 2 Great Britain Graham Hill 39
87%
1963 2 Great Britain Graham Hill 29
87%
1962 1 Great Britain Graham Hill 42
87%
1970 6 Australia Jack Brabham 25
87%
1969 10 Australia Jack Brabham 14
87%
1967 2 Australia Jack Brabham 46
87%
1966 1 Australia Jack Brabham 42
87%
1965 10 Australia Jack Brabham 9
87%
1964 8 Australia Jack Brabham 11
87%
1963 7 Australia Jack Brabham 14
87%
1962 9 Australia Jack Brabham 9
87%
1960 1 Australia Jack Brabham 43
87%
1959 1 Australia Jack Brabham 31
87%
2001 7 Canada Jacques Villeneuve 12
87%
2000 7 Canada Jacques Villeneuve 17
87%
1998 5 Canada Jacques Villeneuve 21
87%
1997 1 Canada Jacques Villeneuve 81
87%
1996 2 Canada Jacques Villeneuve 78
87%
1977 5 Great Britain James Hunt 40
87%
1976 1 Great Britain James Hunt 69
87%
1975 4 Great Britain James Hunt 33
87%
1974 8 Great Britain James Hunt 15
87%
1973 8 Great Britain James Hunt 14
87%
1962 6 United States Phil Hill 14
87%
1961 1 United States Phil Hill 34
87%
1960 5 United States Phil Hill 16
87%
1959 4 United States Phil Hill 20
87%
1958 10 United States Phil Hill 9
87%
1953 1 Italy Alberto Ascari 34.5
83%
1952 1 Italy Alberto Ascari 36
83%
1951 2 Italy Alberto Ascari 25
83%
1950 5 Italy Alberto Ascari 11
83%
1955 5 Italy Giuseppe Farina 10.33
83%
1954 9 Italy Giuseppe Farina 6
83%
1953 3 Italy Giuseppe Farina 26
83%
1952 2 Italy Giuseppe Farina 24
83%
1951 4 Italy Giuseppe Farina 19
83%
1950 1 Italy Giuseppe Farina 30
83%
1970 1 Austria Jochen Rindt 45
83%
1969 4 Austria Jochen Rindt 22
83%
1966 3 Austria Jochen Rindt 22
83%
1979 1 South Africa Jody Scheckter 51
83%
1978 7 South Africa Jody Scheckter 24
83%
1977 2 South Africa Jody Scheckter 55
83%
1976 3 South Africa Jody Scheckter 49
83%
1975 7 South Africa Jody Scheckter 20
83%
1974 3 South Africa Jody Scheckter 45
83%
1978 1 United States Mario Andretti 64
83%
1977 3 United States Mario Andretti 47
83%
1976 6 United States Mario Andretti 22
83%
1971 8 United States Mario Andretti 12
83%
1985 10 Austria Niki Lauda 14
83%
1984 1 Austria Niki Lauda 72
83%
1983 10 Austria Niki Lauda 12
83%
1982 5 Austria Niki Lauda 30
83%
1978 4 Austria Niki Lauda 44
83%
1977 1 Austria Niki Lauda 72
83%
1976 2 Austria Niki Lauda 68
83%
1975 1 Austria Niki Lauda 64.5
83%
1974 4 Austria Niki Lauda 38
83%
2013 7 France Romain Grosjean 132
83%
2012 8 France Romain Grosjean 96
83%
1974 7 New Zealand Denny Hulme 20
78%
1973 6 New Zealand Denny Hulme 26
78%
1972 3 New Zealand Denny Hulme 39
78%
1970 4 New Zealand Denny Hulme 27
78%
1969 6 New Zealand Denny Hulme 20
78%
1968 3 New Zealand Denny Hulme 33
78%
1967 1 New Zealand Denny Hulme 51
78%
1966 4 New Zealand Denny Hulme 18
78%
2008 7 Finland Heikki Kovalainen 53
78%
2007 7 Finland Heikki Kovalainen 30
78%
2009 8 Italy Jarno Trulli 32.5
78%
2008 9 Italy Jarno Trulli 31
78%
2005 7 Italy Jarno Trulli 43
78%
2004 6 Italy Jarno Trulli 46
78%
2003 8 Italy Jarno Trulli 33
78%
2002 8 Italy Jarno Trulli 9
78%
2001 9 Italy Jarno Trulli 12
78%
2000 10 Italy Jarno Trulli 6
78%
1967 3 Great Britain Jim Clark 41
78%
1966 6 Great Britain Jim Clark 16
78%
1965 1 Great Britain Jim Clark 54
78%
1964 3 Great Britain Jim Clark 32
78%
1963 1 Great Britain Jim Clark 54
78%
1962 2 Great Britain Jim Clark 30
78%
1961 7 Great Britain Jim Clark 11
78%
1960 10 Great Britain Jim Clark 8
78%
2006 8 Colombia Juan Pablo Montoya 26
78%
2005 4 Colombia Juan Pablo Montoya 60
78%
2004 5 Colombia Juan Pablo Montoya 58
78%
2003 3 Colombia Juan Pablo Montoya 82
78%
2002 3 Colombia Juan Pablo Montoya 50
78%
2001 6 Colombia Juan Pablo Montoya 31
78%
1958 1 Great Britain Mike Hawthorn 42
78%
1957 4 Great Britain Mike Hawthorn 13
78%
1954 3 Great Britain Mike Hawthorn 24.64
78%
1953 4 Great Britain Mike Hawthorn 19
78%
1952 4 Great Britain Mike Hawthorn 10
78%
1961 3 Great Britain Stirling Moss 21
78%
1960 3 Great Britain Stirling Moss 19
78%
1959 3 Great Britain Stirling Moss 25.5
78%
1958 2 Great Britain Stirling Moss 41
78%
1957 2 Great Britain Stirling Moss 25
78%
1956 2 Great Britain Stirling Moss 27
78%
1955 2 Great Britain Stirling Moss 23
78%
2011 10 Russia Vitaly Petrov 37
78%
2007 10 Great Britain David Coulthard 14
74%
2004 10 Great Britain David Coulthard 24
74%
2003 7 Great Britain David Coulthard 51
74%
2002 5 Great Britain David Coulthard 41
74%
2001 2 Great Britain David Coulthard 65
74%
2000 3 Great Britain David Coulthard 73
74%
1999 4 Great Britain David Coulthard 48
74%
1998 3 Great Britain David Coulthard 56
74%
1997 3 Great Britain David Coulthard 36
74%
1996 7 Great Britain David Coulthard 18
74%
1995 3 Great Britain David Coulthard 49
74%
1994 8 Great Britain David Coulthard 14
74%
2007 8 Italy Giancarlo Fisichella 21
74%
2006 4 Italy Giancarlo Fisichella 72
74%
2005 5 Italy Giancarlo Fisichella 58
74%
2000 6 Italy Giancarlo Fisichella 18
74%
1999 9 Italy Giancarlo Fisichella 13
74%
1998 9 Italy Giancarlo Fisichella 16
74%
1997 8 Italy Giancarlo Fisichella 20
74%
1968 8 Great Britain John Surtees 12
74%
1967 4 Great Britain John Surtees 20
74%
1966 2 Great Britain John Surtees 28
74%
1965 5 Great Britain John Surtees 17
74%
1964 1 Great Britain John Surtees 40
74%
1963 4 Great Britain John Surtees 22
74%
1962 4 Great Britain John Surtees 19
74%
1981 2 Argentina Carlos Reutemann 49
70%
1980 3 Argentina Carlos Reutemann 42
70%
1979 7 Argentina Carlos Reutemann 20
70%
1978 3 Argentina Carlos Reutemann 48
70%
1977 4 Argentina Carlos Reutemann 42
70%
1975 3 Argentina Carlos Reutemann 37
70%
1974 6 Argentina Carlos Reutemann 32
70%
1973 7 Argentina Carlos Reutemann 16
70%
2002 9 Great Britain Eddie Irvine 8
70%
1999 2 Great Britain Eddie Irvine 74
70%
1998 4 Great Britain Eddie Irvine 47
70%
1997 7 Great Britain Eddie Irvine 24
70%
1996 10 Great Britain Eddie Irvine 11
70%
1997 5 Austria Gerhard Berger 27
70%
1996 6 Austria Gerhard Berger 21
70%
1995 6 Austria Gerhard Berger 31
70%
1994 3 Austria Gerhard Berger 41
70%
1993 8 Austria Gerhard Berger 12
70%
1992 5 Austria Gerhard Berger 49
70%
1991 4 Austria Gerhard Berger 43
70%
1990 4 Austria Gerhard Berger 43
70%
1989 7 Austria Gerhard Berger 21
70%
1988 3 Austria Gerhard Berger 41
70%
1987 5 Austria Gerhard Berger 36
70%
1986 7 Austria Gerhard Berger 17
70%
2008 6 Germany Nick Heidfeld 60
70%
2007 5 Germany Nick Heidfeld 61
70%
2006 9 Germany Nick Heidfeld 23
70%
2002 10 Germany Nick Heidfeld 7
70%
2001 8 Germany Nick Heidfeld 12
70%
2009 10 Germany Timo Glock 24
70%
2008 10 Germany Timo Glock 25
70%
2011 9 Germany Adrian Sutil 42
65%
1979 5 Switzerland Clay Regazzoni 29
65%
1976 5 Switzerland Clay Regazzoni 31
65%
1975 5 Switzerland Clay Regazzoni 25
65%
1974 2 Switzerland Clay Regazzoni 52
65%
1972 7 Switzerland Clay Regazzoni 15
65%
1971 7 Switzerland Clay Regazzoni 13
65%
1970 3 Switzerland Clay Regazzoni 33
65%
1982 2 France Didier Pironi 39
65%
1980 5 France Didier Pironi 32
65%
1979 10 France Didier Pironi 14
65%
2000 9 Germany Heinz-Harald Frentzen 11
65%
1999 3 Germany Heinz-Harald Frentzen 54
65%
1998 7 Germany Heinz-Harald Frentzen 17
65%
1997 2 Germany Heinz-Harald Frentzen 42
65%
1995 9 Germany Heinz-Harald Frentzen 15
65%
1974 10 Belgium Jacky Ickx 12
65%
1973 9 Belgium Jacky Ickx 12
65%
1972 4 Belgium Jacky Ickx 27
65%
1971 4 Belgium Jacky Ickx 19
65%
1970 2 Belgium Jacky Ickx 40
65%
1969 2 Belgium Jacky Ickx 37
65%
1968 4 Belgium Jacky Ickx 27
65%
1993 5 Italy Riccardo Patrese 20
65%
1992 2 Italy Riccardo Patrese 56
65%
1991 3 Italy Riccardo Patrese 53
65%
1990 7 Italy Riccardo Patrese 23
65%
1989 3 Italy Riccardo Patrese 40
65%
1983 9 Italy Riccardo Patrese 13
65%
1982 10 Italy Riccardo Patrese 21
65%
1980 9 Italy Riccardo Patrese 7
65%
1978 2 Sweden Ronnie Peterson 51
65%
1974 5 Sweden Ronnie Peterson 35
65%
1973 3 Sweden Ronnie Peterson 52
65%
1972 9 Sweden Ronnie Peterson 12
65%
1971 2 Sweden Ronnie Peterson 33
65%
1969 3 New Zealand Bruce McLaren 26
61%
1968 5 New Zealand Bruce McLaren 22
61%
1965 8 New Zealand Bruce McLaren 10
61%
1964 7 New Zealand Bruce McLaren 13
61%
1963 6 New Zealand Bruce McLaren 17
61%
1962 3 New Zealand Bruce McLaren 27
61%
1961 8 New Zealand Bruce McLaren 11
61%
1960 2 New Zealand Bruce McLaren 34
61%
1959 6 New Zealand Bruce McLaren 16.5
61%
1985 5 Italy Elio de Angelis 33
61%
1984 3 Italy Elio de Angelis 34
61%
1982 9 Italy Elio de Angelis 23
61%
1981 8 Italy Elio de Angelis 14
61%
1980 7 Italy Elio de Angelis 13
61%
1999 8 Great Britain Johnny Herbert 15
61%
1997 10 Great Britain Johnny Herbert 15
61%
1995 4 Great Britain Johnny Herbert 45
61%
1993 9 Great Britain Johnny Herbert 11
61%
1992 10 Italy Michele Alboreto 6
61%
1988 5 Italy Michele Alboreto 24
61%
1987 7 Italy Michele Alboreto 17
61%
1986 9 Italy Michele Alboreto 14
61%
1985 2 Italy Michele Alboreto 53
61%
1984 4 Italy Michele Alboreto 30.5
61%
1982 8 Italy Michele Alboreto 25
61%
1971 10 Mexico Pedro Rodríguez 9
61%
1970 7 Mexico Pedro Rodríguez 23
61%
1968 6 Mexico Pedro Rodríguez 18
61%
1967 6 Mexico Pedro Rodríguez 15
61%
1986 10 France René Arnoux 14
61%
1984 6 France René Arnoux 27
61%
1983 3 France René Arnoux 49
61%
1982 6 France René Arnoux 28
61%
1981 9 France René Arnoux 11
61%
1980 6 France René Arnoux 29
61%
1979 8 France René Arnoux 17
61%
2004 8 Japan Takuma Sato 34
61%
1961 2 West Germany Wolfgang von Trips 33
61%
1960 7 West Germany Wolfgang von Trips 10
61%
1958 10 West Germany Wolfgang von Trips 9
61%
1986 8 France Jacques Laffite 14
57%
1985 9 France Jacques Laffite 16
57%
1981 4 France Jacques Laffite 44
57%
1980 4 France Jacques Laffite 34
57%
1979 4 France Jacques Laffite 36
57%
1978 8 France Jacques Laffite 19
57%
1977 10 France Jacques Laffite 18
57%
1976 8 France Jacques Laffite 20
57%
1997 4 France Jean Alesi 36
57%
1996 4 France Jean Alesi 47
57%
1995 5 France Jean Alesi 42
57%
1994 5 France Jean Alesi 24
57%
1993 6 France Jean Alesi 16
57%
1992 7 France Jean Alesi 18
57%
1991 7 France Jean Alesi 21
57%
1990 9 France Jean Alesi 13
57%
1989 9 France Jean Alesi 8
57%
1990 6 Belgium Thierry Boutsen 34
57%
1989 5 Belgium Thierry Boutsen 37
57%
1988 4 Belgium Thierry Boutsen 27
57%
1987 8 Belgium Thierry Boutsen 16
57%
1990 8 Italy Alessandro Nannini 21
52%
1989 6 Italy Alessandro Nannini 32
52%
1988 10 Italy Alessandro Nannini 12
52%
1973 4 France François Cevert 47
52%
1972 6 France François Cevert 15
52%
1971 3 France François Cevert 26
52%
1983 6 Great Britain John Watson 22
52%
1982 3 Great Britain John Watson 39
52%
1981 6 Great Britain John Watson 27
52%
1979 9 Great Britain John Watson 15
52%
1978 6 Great Britain John Watson 25
52%
1976 7 Great Britain John Watson 20
52%
1954 2 Argentina José Froilán González 25.14
52%
1953 6 Argentina José Froilán González 13.5
52%
1952 9 Argentina José Froilán González 6.5
52%
1951 3 Argentina José Froilán González 24
52%
1994 7 Great Britain Martin Brundle 16
52%
1993 7 Great Britain Martin Brundle 13
52%
1992 6 Great Britain Martin Brundle 38
52%
1999 10 Finland Mika Salo 10
52%
1997 9 France Olivier Panis 16
52%
1996 9 France Olivier Panis 13
52%
1995 8 France Olivier Panis 16
52%
1979 6 France Patrick Depailler 20
52%
1978 5 France Patrick Depailler 34
52%
1977 8 France Patrick Depailler 20
52%
1976 4 France Patrick Depailler 39
52%
1975 9 France Patrick Depailler 12
52%
1974 9 France Patrick Depailler 14
52%
1998 8 Austria Alexander Wurz 17
48%
1967 8 United States Dan Gurney 13
48%
1965 4 United States Dan Gurney 25
48%
1964 6 United States Dan Gurney 19
48%
1963 5 United States Dan Gurney 19
48%
1962 5 United States Dan Gurney 15
48%
1961 4 United States Dan Gurney 21
48%
1959 7 United States Dan Gurney 13
48%
1987 6 Sweden Stefan Johansson 30
48%
1986 5 Sweden Stefan Johansson 23
48%
1985 7 Sweden Stefan Johansson 26
48%
1961 10 Great Britain Tony Brooks 6
48%
1959 2 Great Britain Tony Brooks 27
48%
1958 3 Great Britain Tony Brooks 24
48%
1957 5 Great Britain Tony Brooks 11
48%
1975 6 Brazil Carlos Pace 24
43%
1980 8 France Jean-Pierre Jabouille 9
43%
1950 3 Italy Luigi Fagioli 24
43%
1958 5 Great Britain Peter Collins 14
43%
1957 9 Great Britain Peter Collins 8
43%
1956 3 Great Britain Peter Collins 25
43%
1965 7 United States Richie Ginther 11
43%
1964 5 United States Richie Ginther 23
43%
1963 3 United States Richie Ginther 29
43%
1962 8 United States Richie Ginther 10
43%
1961 5 United States Richie Ginther 16
43%
1960 9 United States Richie Ginther 8
43%
1992 9 Italy Andrea de Cesaris 8
39%
1991 9 Italy Andrea de Cesaris 9
39%
1983 8 Italy Andrea de Cesaris 15
39%
1971 5 Switzerland Jo Siffert 19
39%
1969 9 Switzerland Jo Siffert 15
39%
1968 7 Switzerland Jo Siffert 12
39%
1964 10 Switzerland Jo Siffert 7
39%
1983 4 France Patrick Tambay 40
39%
1982 7 France Patrick Tambay 25
39%
1972 10 New Zealand Chris Amon 12
35%
1970 8 New Zealand Chris Amon 23
35%
1968 10 New Zealand Chris Amon 10
35%
1967 5 New Zealand Chris Amon 20
35%
1977 8 Sweden Gunnar Nilsson 20
35%
1976 10 Sweden Gunnar Nilsson 11
35%
1958 7 Italy Luigi Musso 12
35%
1957 3 Italy Luigi Musso 16
35%
1955 10 Italy Luigi Musso 6
35%
1954 8 Italy Luigi Musso 6
35%
1995 10 Great Britain Mark Blundell 13
35%
1993 10 Great Britain Mark Blundell 10
35%
1959 5 France Maurice Trintignant 19
35%
1958 7 France Maurice Trintignant 12
35%
1955 4 France Maurice Trintignant 11.33
35%
1954 4 France Maurice Trintignant 17
35%
1989 10 Great Britain Derek Warwick 7
30%
1988 8 Great Britain Derek Warwick 17
30%
1984 7 Great Britain Derek Warwick 23
30%
1990 10 Italy Ivan Capelli 6
30%
1988 7 Italy Ivan Capelli 17
30%
1973 10 France Jean-Pierre Beltoise 9
30%
1970 9 France Jean-Pierre Beltoise 16
30%
1969 5 France Jean-Pierre Beltoise 21
30%
1968 9 France Jean-Pierre Beltoise 11
30%
1959 8 Sweden Jo Bonnier 10
30%
1966 8 Italy Lorenzo Bandini 12
30%
1965 6 Italy Lorenzo Bandini 13
30%
1964 4 Italy Lorenzo Bandini 23
30%
1963 10 Italy Lorenzo Bandini 6
30%
1955 6 Italy Piero Taruffi 9
30%
1952 3 Italy Piero Taruffi 22
30%
1951 6 Italy Piero Taruffi 10
30%
1991 10 Brazil Roberto Moreno 8
30%
1990 10 Brazil Roberto Moreno 6
30%
1950 8 Thailand Birabongse Bhanudej 5
26%
1956 6 Italy Eugenio Castellotti 7.5
26%
1955 3 Italy Eugenio Castellotti 12
26%
1963 9 Great Britain Innes Ireland 6
26%
1961 6 Great Britain Innes Ireland 12
26%
1960 4 Great Britain Innes Ireland 18
26%
1966 10 Italy Ludovico Scarfiotti 9
26%
1991 8 Italy Stefano Modena 10
26%
1987 9 Italy Teodorico Fabi 12
26%
1954 6 United States Bill Vukovich 8
22%
1953 7 United States Bill Vukovich 9
22%
1955 7 United States Bob Sweikert 8
22%
1987 10 United States Eddie Cheever 8
22%
1983 7 United States Eddie Cheever 22
22%
1961 9 Italy Giancarlo Baghetti 9
22%
1958 10 France Jean Behra 9
22%
1956 4 France Jean Behra 22
22%
1955 9 France Jean Behra 6
22%
1952 10 France Jean Behra 6
22%
1960 8 United States Jim Rathmann 8
22%
1957 10 United States Jim Rathmann 7
22%
1952 10 United States Jim Rathmann 6
22%
1974 10 Great Britain Mike Hailwood 12
22%
1972 8 Great Britain Mike Hailwood 13
22%
1971 9 Great Britain Peter Gethin 9
22%
1973 5 United States Peter Revson 38
22%
1972 5 United States Peter Revson 23
22%
1969 8 Great Britain Piers Courage 16
22%
1957 8 United States Sam Hanks 8
22%
1956 7 United States Sam Hanks 6
22%
1975 10 Great Britain Tom Pryce 8
22%
1981 10 Mexico Héctor Rebaque 11
17%
1950 6 United States Johnnie Parsons 9
17%
1951 7 United States Lee Wallard 9
17%
1950 9 Monaco Louis Chiron 4
17%
1956 5 United States Pat Flaherty 8
17%
1959 10 United States Rodger Ward 8
17%
1958 4 Great Britain Roy Salvadori 15
17%
1958 9 Great Britain Stuart Lewis-Evans 11
17%
1952 7 United States Troy Ruttman 8
17%
1954 7 West Germany Hans Herrmann 8
13%
1958 5 United States Harry Schell 14
13%
1957 7 United States Harry Schell 10
13%
1954 10 United States Jimmy Bryan 6
13%
1954 5 West Germany Karl Kling 12
13%
1950 4 France Louis Rosier 13
13%
1953 5 Italy Luigi Villoresi 17
13%
1952 7 Italy Luigi Villoresi 8
13%
1951 5 Italy Luigi Villoresi 15
13%
1960 6 Belgium Olivier Gendebien 10
13%
1951 10 Great Britain Reg Parnell 5
13%
1950 9 Great Britain Reg Parnell 4
13%
1952 4 Switzerland Rudi Fischer 10
13%
1963 8 South Africa Tony Maggs 9
13%
1962 7 South Africa Tony Maggs 13
13%
1953 9 Italy Felice Bonetto 6.5
9%
1951 8 Italy Felice Bonetto 7
9%
1959 9 United States Masten Gregory 10
9%
1957 6 United States Masten Gregory 10
9%
1950 9 United States Mauri Rose 4
9%
1966 8 Great Britain Mike Parkes 12
9%
1967 10 Great Britain Mike Spence 9
9%
1965 8 Great Britain Mike Spence 10
9%
1956 7 Belgium Paul Frère 6
9%
1964 8 Great Britain Peter Arundell 11
9%
1950 9 Great Britain Peter Whitehead 4
9%
1952 6 France Robert Manzon 9
9%
1955 8 Argentina Roberto Mieres 7
9%
1953 8 Switzerland Toulo de Graffenried 7
9%
1962 10 Great Britain Trevor Taylor 6
9%
1953 10 United States Art Cross 6
4%
1950 7 United States Bill Holland 6
4%
1956 10 Great Britain Jack Fairman 5
4%
1951 9 United States Mike Nazaruk 6
4%
1956 9 Spain Paco Godia 6
4%
No matching quizzes found
Score Distribution
Percent of People with Each Score
Percentile by Number Answered
Your Score History
You have not taken this quiz since the last reset